|
|
|
|
| LEADER |
01046nam a2200241 a 4500 |
| 001 |
11830228 |
| 008 |
091230s1993 ph a bs i000 0 eng d |
| 010 |
|
|
|a 99911345
|
| 040 |
|
|
|a DLC
|c DLC
|d BD-DhAAL
|
| 020 |
|
|
|a 9715610439
|
| 082 |
0 |
0 |
|a 304.6021095
|2 20
|
| 245 |
0 |
0 |
|a Gender indicators of developing Asian and Pacific countries /
|c prepared by the Center for International Research, U.S. Bureau of the Census.
|
| 260 |
|
|
|a Manila, Philippines :
|b Asian Development Bank,
|c c1993.
|
| 300 |
|
|
|a xiv, 350 p. :
|b ill. ;
|c 28 cm.
|
| 504 |
|
|
|a Includes bibliographical references (p. 337-350).
|
| 541 |
1 |
|
|e 00006098
|
| 651 |
|
0 |
|a Asia
|x Population
|v Statistics.
|
| 651 |
|
0 |
|a Pacific Area
|x Population
|v Statistics.
|
| 710 |
2 |
|
|a Center for International Research (U.S.)
|
| 710 |
2 |
|
|a Asian Development Bank.
|
| 852 |
4 |
|
|a Ayesha Abed Library
|j General Shelf.
|
| 999 |
|
|
|c 6551
|d 6551
|
| 952 |
|
|
|0 0
|1 0
|2 ddc
|4 0
|6 304_602109500000000_GEN_1993
|7 0
|9 6661
|a BRACUL
|b BRACUL
|c GEN
|d 2009-12-31
|g 940.00
|l 0
|o 304.6021095 GEN
|p 3010006098
|r 2009-12-31
|t 1
|v 1880.00
|w 2009-12-31
|y BK
|